=LDR 00000nam 2200000 4500 =001 NUTBA000000000002147 =005 20140605104117.0 =006 =007 =008 =020 ##$$a 978-979-1276-61-0 =035 ##$$a 0010-061400000000090 =040 ##$$a NBPDMAT =082 ##$$a 745.5 =090 ##$$a 745.5 $b Bag k =100 ##$$a Bagas Shinugi =245 ##$$a Kreasi aneka kertas / $c Bagas Shinugi =250 ##$$a Cet.2 =260 ##$$a Jakarta : $b Mediantara Semesta, $c 2010 =300 ##$$a 52 hlm. : $b ilus. ; $c 23 cm. =500 ##$$a Bibliografi : hlm. 52 =650 ##$$a Kerajinan Tangan =850 ##$$a NBPDMAT =990 ##$$a 21400837 =990 ##$$a 0001/BPAP-NTB/20142014